Uhuru wa Upataji habari (Record no. 1598)

MARC details
000 -LEADER
fixed length control field 00406nam a22001457a 4500
008 - FIXED-LENGTH DATA ELEMENTS--GENERAL INFORMATION
fixed length control field 230620b xxu||||| |||| 00| 0 eng d
020 ## - INTERNATIONAL STANDARD BOOK NUMBER
International Standard Book Number 9966958274
082 ## - DEWEY DECIMAL CLASSIFICATION NUMBER
Classification number 320.9
Item number KSI
100 ## - MAIN ENTRY--PERSONAL NAME
Titles and words associated with a name Priscilla Nyokabi Kanyau
245 ## - TITLE STATEMENT
Title Uhuru wa Upataji habari
Remainder of title Kitabu cha Mwananchi
260 ## - PUBLICATION, DISTRIBUTION, ETC. (IMPRINT)
Place of publication, distribution, etc. Kenya
Name of publisher, distributor, etc. Tume ya kimataifa ya Wanasheria
Date of publication, distribution, etc. 2006
300 ## - PHYSICAL DESCRIPTION
Extent 110p
700 ## - ADDED ENTRY--PERSONAL NAME
Titles and other words associated with a name Anne Muthoni Ndungu
942 ## - ADDED ENTRY ELEMENTS (KOHA)
Source of classification or shelving scheme Dewey Decimal Classification
Koha item type Books
Holdings
Withdrawn status Lost status Source of classification or shelving scheme Damaged status Not for loan Home library Current library Date acquired Total Checkouts Full call number Barcode Date last seen Price effective from Koha item type
    Dewey Decimal Classification     County Hall Archives County Hall Archives 06/20/2023   320.9 KSI 1000897 06/20/2023 06/20/2023 Books
    Dewey Decimal Classification     County Hall Archives County Hall Archives 06/20/2023   320.9 KSI 1000896 06/20/2023 06/20/2023 Books
LIBRARY OPENING HOURS

When the Parliament is sitting: 8.00a.m - 7.00p.m or until the house adjourns
Mondays and Fridays and when the House is on Recess:  8.00a.m - 5.00p.m
Closed on Weekends and Public Holidays

Online Public Access Catalog (OPAC)
Website: http://www.parliament.go.ke
Bunge Library: https://libraryir.parliament.go.ke
Contact: library@parliament.go.ke | Tel no: (254-2)2221291 or 2848000 Ext 5043